[Event "XIV Figueira da Foz Open 2020"]
[Site "Figueira da Foz"]
[Date "2020.10.28"]
[Round "6.11"]
[White "Pintor, Simao Maciel Abranch"]
[Black "Pipiras, Filipa Fortuna"]
[Result "1-0"]
[WhiteElo "2115"]
[BlackElo "1912"]
[Annotator "TA"]
[PlyCount "107"]
[EventDate "2020.10.24"]
[EventType "swiss"]
[EventCountry "POR"]
[SourceTitle "playchess.com"]
[Source "ChessBase"]
[SourceQuality "1"]

{[%evp 9,106,-26,-28,-43,-2,-28,-18,-31,-15,-26,-35,-28,-21,-39,-36,-32,-37,-42,-13,-26,-5,-9,0,-11,-8,-12,37,7,12,0,154,127,191,187,154,47,102,91,98,95,129,120,158,152,189,107,104,64,64,33,370,339,349,338,432,422,457,442,437,405,398,392,491,426,470,420,416,305,304,0,402,407,404,403,464,450,523,515,559,543,596,595,621,614,866,843,1312,1071,2066,2185,5043,3253,29996,29997,29997,29998,29998,29999,29999]} 1. Nf3 d5 2. g3 Nf6 3. b3 e6 4. Bb2 c5 5. c4 d4 6. b4 {A13: English Opening: 1...e6.} a5 7. bxc5 Nc6 8. Bg2 {The position is equal.} Bxc5 9. O-O O-O 10. d3 e5 11. Ba3 Nd7 12. Bxc5 Nxc5 13. Na3 {[%cal Bb1a3,Ba3b5,Bb5d6][%mdl 32]} Be6 14. Qc1 f6 15. Nd2 Qd7 16. Ne4 Nxe4 17. Bxe4 Rfe8 18. Nb5 f5 19. Bg2 Bf7 $2 {[#]} (19... f4 $1 $11) 20. c5 $1 $16 Rec8 (20... Nb4 $16 21. Nd6 {[%mdl 64] Double Attack} Nd5) 21. Nd6 $18 Rc7 22. Qg5 (22. f4 $16) 22... h6 (22... Be6 $14) 23. Qxf5 $16 Qxf5 24. Nxf5 Nb4 25. a3 Nd5 26. Rab1 Ra7 27. Nd6 (27. Bxd5 $1 $18 Bxd5 28. f4) 27... Rxc5 28. Nxb7 Rc2 29. Rb5 $36 {[%mdl 2048] White fights for an advantage.} Rxe2 $2 {[%mdl 8192]} (29... Nc3 $14 30. Rxe5 Nxe2+ 31. Kh1 a4) 30. Rxd5 $18 ({Weaker is} 30. Bxd5 Bxd5 31. Nxa5 Ba8 $11) 30... Bxd5 31. Bxd5+ Kh8 32. Rc1 Ra8 33. Nd6 Rf8 34. Ne4 a4 35. Rc4 Re1+ 36. Kg2 Rd1 37. Nc5 Rd2 38. Bf3 Rc8 39. Bd5 ({Much less strong is} 39. Nxa4 Rxc4 40. dxc4 Ra2 $18) 39... Rf8 40. Rxa4 Rfxf2+ {[#]} 41. Kh3 $1 Rf8 42. Be4 h5 43. Nd7 Re8 {[#]} 44. Nxe5 $1 {[%mdl 512]} g5 (44... Rxe5 45. Ra8+) 45. Nf7+ {[%mdl 64] Double Attack} Kg8 46. Nxg5 h4 47. gxh4 Rf8 48. Rxd4 Rff2 49. Rd7 Rxh2+ 50. Kg4 {Threatening mate with Bd5+.} Rd1 51. Bd5+ {White mates.} Kf8 52. Nh7+ Ke8 53. Nf6+ Kf8 54. Rf7# {Av CentiPawn Loss W=18/B=-113. Weighted=1/-98} 1-0

[Event "XIV Figueira da Foz Open 2020"]
[Site "Figueira da Foz"]
[Date "2020.10.28"]
[Round "6.12"]
[White "Fernandes, Joao Pedro Murtinho"]
[Black "Guerreiro, Nuno"]
[Result "1-0"]
[WhiteElo "2084"]
[BlackElo "2079"]
[Annotator "TA"]
[PlyCount "79"]
[EventDate "2020.10.24"]
[EventType "swiss"]
[EventCountry "POR"]
[SourceTitle "playchess.com"]
[Source "ChessBase"]
[SourceQuality "1"]

{[%evp 9,79,0,30,29,56,12,22,23,20,7,37,0,51,52,72,68,45,36,41,49,83,53,52,54,47,18,24,11,21,25,85,85,85,66,66,66,87,85,85,33,51,46,117,104,97,92,156,156,477,471,963,545,546,592,570,577,574,573,564,557,555,540,721,718,820,793,1192,1155,1067,746,847,840]} 1. e4 Nc6 2. Nf3 a6 3. d4 d5 4. e5 f6 5. h3 fxe5 6. dxe5 {B00: Queen's Fianchetto Defence, Nimzowitsch Defence.} g6 7. Bd3 Bg7 8. Bf4 {The position is equal.} Nh6 9. O-O O-O 10. Qd2 (10. Qc1 $5 {[%cal Rf4h6]}) 10... Nf7 (10... Rxf4 $1 $11 11. Qxf4 Nf7) 11. Re1 $14 Bf5 12. Bxf5 gxf5 13. c3 e6 14. h4 Kh8 15. Na3 Rg8 16. Nc2 Qf8 17. Ncd4 Nxd4 18. cxd4 Bh6 19. Bxh6 Qxh6 (19... Nxh6 $11 20. Rac1 c6) 20. Qxh6 $16 Nxh6 21. Ng5 $36 {[%mdl 2048] White is pushing.} Rae8 22. Rac1 c6 23. Rc3 Re7 24. a4 (24. Rd1 $16) 24... a5 25. Rb1 Kg7 (25... Nf7 $14) 26. b4 axb4 27. Rxb4 Kg6 (27... Ra8 $142) 28. Rcb3 Rgg7 $2 {This move loses the game for Black.} (28... Rb8 $16 29. Nh3 Nf7 30. Nf4+ Kg7) 29. Nh3 $18 {White is clearly winning.} Kh5 (29... Ng8 $142 30. Nf4+ Kh6) 30. g3 {[#] Nf4+ would kill now.} Ng8 31. Nf4+ Kh6 32. a5 Rgf7 33. Rb6 Kg7 34. a6 bxa6 35. Rxc6 a5 36. Nxe6+ Kh8 {[#]} 37. Rb8 $1 h6 38. Nf4 Kh7 39. Nxd5 Rd7 40. e6 {[%mdl 64] Double Attack. Av CentiPawn Loss W=-29/B=-56. Weighted=-31/-47} 1-0

[Event "XIV Figueira da Foz Open 2020"]
[Site "Figueira da Foz"]
[Date "2020.10.28"]
[Round "6.14"]
[White "Margarido, Jose Miguel Teixeira"]
[Black "Movsisyan, Tigran"]
[Result "1-0"]
[WhiteElo "2138"]
[BlackElo "1730"]
[Annotator "TA"]
[PlyCount "65"]
[EventDate "2020.10.24"]
[EventType "swiss"]
[EventCountry "POR"]
[SourceTitle "playchess.com"]
[Source "ChessBase"]
[SourceQuality "1"]

{[%evp 21,65,31,40,10,133,125,125,121,124,128,129,130,358,357,358,342,429,381,406,353,420,429,423,416,460,414,486,468,526,515,834,831,866,857,973,936,1153,1133,1128,1077,1358,1390,1906,1832,2081,1183]} 1. d4 d5 2. c4 e6 3. Nf3 Nf6 4. g3 Be7 5. Bg2 O-O 6. O-O c5 7. cxd5 Nxd5 8. e4 Nb6 9. Nc3 Nc6 10. dxc5 Qxd1 11. Rxd1 Bxc5 12. Bf4 {D41: Queen's Gambit Declined: Semi-Tarrasch with 5 cxd5.} e5 (12... f6 $11 {remains equal.}) 13. Nxe5 $16 Nxe5 14. Bxe5 {White is better.} Bg4 15. Bd4 Bxd1 16. Bxc5 Rfd8 $2 {[#]} (16... Bg4 $16) 17. Nxd1 $18 ({Resist} 17. Rxd1 Rxd1+ 18. Nxd1 Nc4 $18) 17... Nc4 18. Bb4 b5 19. Bf1 Rac8 20. Bc3 a6 21. Ne3 Nxe3 22. fxe3 Rc6 23. e5 Rc5 24. a4 {[%cal Ba2a4,Ba4a5,Ba5a6][%mdl 32] White is clearly winning.} b4 25. Bxb4 Rxe5 (25... Rc6 $142 26. Bd6 Rdc8) 26. Bxa6 Rxe3 27. a5 Rb8 28. Bc3 Re6 29. Bf1 Ra8 30. a6 Rd6 31. b4 {[%cal Bb2b4,Bb4b5,Bb5b6][%mdl 32]} h6 32. b5 Ra7 33. b6 {White took control after the opening. Av CentiPawn Loss W=-58/B=-115. Weighted=-49/-102} 1-0

[Event "XIV Figueira da Foz Open 2020"]
[Site "Figueira da Foz"]
[Date "2020.10.28"]
[Round "6.15"]
[White "Costa, Joao Guerra"]
[Black "Silva, Mariana Sofia T."]
[Result "0-1"]
[WhiteElo "2150"]
[BlackElo "1885"]
[Annotator "TA"]
[PlyCount "72"]
[EventDate "2020.10.24"]
[EventType "swiss"]
[EventCountry "POR"]
[SourceTitle "playchess.com"]
[Source "ChessBase"]
[SourceQuality "1"]

{[%evp 9,72,-18,6,-2,4,0,14,12,20,-77,-11,-117,-30,-39,-37,-102,-100,-105,-92,-207,-198,-266,-206,-307,-267,-491,-498,-1347,-1316,-1340,-1325,-1329,-1340,-1335,-1318,-1287,-1291,-1227,-1202,-1403,-1443,-2401,-2478,-2216,-5377,-5377,-5202,-5090,-5094,-2611,-2175,-6200,-5934,-6233,-6000,-29986,-29983,-29993,-29994,-29995,-29996,-29996,-29997,-29997,-29998]} 1. b3 d5 2. Bb2 c5 3. e3 Nc6 4. Bb5 Nf6 5. Ne2 Bf5 6. O-O {A01: Nimzowitsch-Larsen Opening.} e6 7. d3 Be7 8. Nd2 {The position is equal.} O-O 9. Rc1 (9. Bxc6 $11 {keeps the balance.} bxc6 10. Ng3) 9... Qc7 (9... Na5 $17 10. e4 dxe4 11. dxe4 Nxe4 12. Nxe4 Bxe4) 10. c4 (10. Ng3 $11 {remains equal.}) 10... Nb4 ({Black should try} 10... Bxd3 $17 {Hoping for ...Rad8.} 11. Nf3 dxc4 12. Bxc4 Bxc4 13. Rxc4 b5) 11. cxd5 $11 exd5 12. a3 (12. e4 $1 $15) 12... Nxd3 $40 {[%mdl 128] Black has strong attack. Black continues to play with concentration.} 13. Bxd3 Bxd3 14. f4 (14. Re1 $17) 14... Qb6 $19 15. Rc3 (15. Re1 $142) 15... Ba6 16. Nf3 (16. Re1 {was necessary.}) 16... Ne4 {And now ...Bxe2 would win.} 17. Rc2 $2 (17. Rc1 {was called for.}) 17... Qxb3 18. Nd2 (18. Qc1 $142 Bd3 19. Rd2) 18... Qxe3+ {[%mdl 64] [#] Double Attack} 19. Kh1 Bxe2 20. Qe1 Qd3 21. Nxe4 Qxc2 22. Rf2 Qxb2 23. Rxe2 Qd4 24. Ng3 Bh4 25. Nf5 Bxe1 26. Nxd4 cxd4 27. Rxe1 Rfe8 {[%cal Re8e1] [#]} 28. Rd1 Rac8 29. h3 Re4 30. f5 h6 31. Rd2 Rc3 32. Rb2 d3 {Black mates.} 33. Rxb7 d2 34. Rxa7 Re1+ 35. Kh2 d1=Q {[%csl Gd1][%cal Re1h1]} 36. Ra8+ Kh7 {Av CentiPawn Loss W=-119/B=-24. Weighted=-166/-34} 0-1

[Event "XIV Figueira da Foz Open 2020"]
[Site "Figueira da Foz"]
[Date "2020.10.28"]
[Round "6.16"]
[White "Silva, Jose Lucas Ferreira"]
[Black "Morais, Mario Martins Freita"]
[Result "0-1"]
[WhiteElo "1336"]
[BlackElo "1808"]
[Annotator "NA RC"]
[PlyCount "114"]
[EventDate "2020.10.24"]
[EventType "swiss"]
[EventCountry "POR"]
[SourceTitle "playchess.com"]
[Source "ChessBase"]
[SourceQuality "1"]
[TimeControl "40/5400+30:1800+30"]

1. e4 {[%emt 0:00:00]} g6 {[%emt 0:00:00]} 2. Nc3 {[%emt 0:00:00]} Bg7 {[%emt 0:00:00]} 3. Bc4 {[%emt 0:00:31]} d6 {[%emt 0:02:21]} 4. f4 {[%emt 0:00:32]} Nf6 {[%emt 0:04:45]} 5. Nf3 {[%emt 0:02:11]} O-O {[%emt 0:06:45]} 6. h3 {[%emt 0:03:15]} Nxe4 {[%emt 0:04:40]} 7. Nxe4 {[%emt 0:01:28]} d5 {[%emt 0:00:04] Double Attack} 8. Bd3 {[%emt 0:00:52]} dxe4 {[%emt 0:00:08]} 9. Bxe4 {[%emt 0:00:05]} Nd7 {[%emt 0:00:33]} 10. c3 {[%emt 0:02:05]} Nc5 {[%emt 0:00:42]} 11. Bc2 {[%emt 0:01:09]} Nd3+ {[%emt 0:00:13]} 12. Bxd3 {[%emt 0:00:04]} Qxd3 {[%emt 0:00:07]} 13. Qe2 {[%emt 0:00:52]} Bf5 {[%emt 0:00:19]} 14. Qxd3 {[%emt 0:02:38]} Bxd3 {[%emt 0:00:40]} 15. Kf2 {[%emt 0:00:07]} c5 {[%emt 0:00:19]} 16. Re1 {[%emt 0:02:31]} Bf6 {[%emt 0:00:44]} 17. Ne5 {[%emt 0:00:17]} Rfd8 {[%emt 0:03:50]} 18. Re3 {[%emt 0:04:25]} Ba6 {[%emt 0:07:55]} 19. b3 {[%emt 0:04:05]} e6 {[%emt 0:01:28]} 20. Ke1 {[%emt 0:04:03]} Rac8 {[%emt 0:02:24]} 21. c4 {[%emt 0:03:13]} Rd4 {[%emt 0:08:56]} 22. g3 {[%emt 0:01:21]} Rcd8 {[%emt 0:00:20]} 23. Ke2 {[%emt 0:04:00]} b6 {[%emt 0:03:23]} 24. d3 {[%emt 0:02:13]} Bb7 {[%emt 0:07:07]} 25. Bb2 {[%emt 0:01:31]} R4d6 {[%emt 0:09:10]} 26. Rb1 {[%emt 0:05:19]} Bg7 {[%emt 0:01:39]} 27. Bc3 {[%emt 0:05:12]} Bg2 {[%emt 0:04:59]} 28. h4 {[%emt 0:08:00]} h5 {[%emt 0:06:49]} 29. Rd1 {[%emt 0:03:48]} Bh3 {[%emt 0:03:06]} 30. Rd2 {[%emt 0:02:06]} Bf5 {[%emt 0:00:17]} 31. Bb2 {[%emt 0:02:13]} a6 {[%emt 0:00:16]} 32. a4 {[%emt 0:01:53]} f6 {[%emt 0:01:33]} 33. Nf3 {[%emt 0:00:38]} Bg4 {[%emt 0:00:12]} 34. Kf2 {[%emt 0:03:14]} Kf7 {[%emt 0:00:15]} 35. a5 {[%emt 0:03:10]} b5 {[%emt 0:02:35]} 36. Ba3 {[%emt 0:03:48]} b4 {[%emt 0:00:07]} 37. Bb2 {[%emt 0:00:07]} Bh6 {[%emt 0:00:29]} 38. Ba1 {[%emt 0:14:50] [#]} (38. d4 {might work better.}) 38... R8d7 {[%emt 0:03:04]} ({Better is} 38... e5 $1 $19 {[%mdl 512]} 39. Rd1 (39. fxe5 R6d7) 39... Kg8) 39. d4 {[%emt 0:04:52]} Bxf3 {[%emt 0:00:23]} (39... Bf8 $142 40. Ke1 cxd4 41. Rxd4 Rxd4 42. Nxd4 Bd6) 40. Rxf3 {[%emt 0:00:00]} cxd4 {[%emt 0:00:00]} 41. Rd1 {[%emt 0:01:38]} (41. Ke2 $17) 41... Ke7 {[%emt 0:02:30]} 42. Rfd3 {[%emt 0:03:50]} e5 {[%emt 0:00:19]} 43. Bb2 {[%emt 0:02:04]} Ke6 {[%emt 0:00:27]} 44. Kf3 {[%emt 0:02:04]} Kf5 {[%emt 0:00:09]} 45. Kg2 {[%emt 0:00:58]} Rd8 {[%emt 0:01:33]} 46. Kh3 {[%emt 0:05:39]} Bf8 {[%emt 0:00:31]} 47. fxe5 {[%emt 0:02:10]} (47. Kg2 $142) 47... fxe5 {[%emt 0:00:03]} 48. Rf1+ {[%emt 0:00:34]} Ke4 {[%emt 0:02:02]} 49. Rff3 $2 {[%emt 0:00:39]} (49. Rdd1) 49... Bh6 {[%emt 0:00:08]} 50. g4 {[%emt 0:00:26]} Be3 {[%emt 0:00:15]} 51. Rfxe3+ {[%emt 0:00:07]} dxe3 {[%emt 0:00:19]} 52. Rxd6 {[%emt 0:00:06]} Rxd6 {[%emt 0:00:01]} 53. Kg2 {[%emt 0:00:25]} Rd2+ {[%emt 0:00:02]} 54. Kf1 {[%emt 0:00:10]} Rxb2 {[%emt 0:00:07]} 55. c5 {[%emt 0:00:04]} Kf3 {[%emt 0:00:13]} 56. Kg1 {[%emt 0:00:23]} e2 {[%emt 0:00:08]} 57. gxh5 {[%emt 0:00:03]} e1=Q# 0-1

[Event "XIV Figueira da Foz Open 2020"]
[Site "Figueira da Foz"]
[Date "2020.10.28"]
[Round "6.17"]
[White "Dantas, Carlos"]
[Black "Santos, Luis Manuel Freire R"]
[Result "1-0"]
[WhiteElo "2126"]
[BlackElo "1891"]
[Annotator "TA"]
[PlyCount "95"]
[EventDate "2020.10.24"]
[EventType "swiss"]
[EventCountry "POR"]
[SourceTitle "playchess.com"]
[Source "ChessBase"]
[SourceQuality "1"]

{[%evp 9,95,69,75,75,101,96,276,268,651,642,689,681,743,562,551,483,566,550,671,512,547,551,519,350,354,351,496,370,462,462,485,494,488,480,475,459,532,532,528,516,532,532,532,532,575,568,618,608,675,672,718,702,735,728,862,808,2763,2470,2602,2206,2361,2252,29982,29983,29983,29984,29984,29985,29987,29988,29988,29988,29992,29989,29989,29979,29991,29992,29992,29992,29993,29994,29994,29995,29996,29997,29998,29999]} 1. e4 e5 2. Nf3 Nc6 3. Bb5 Nf6 4. d3 Bb4+ 5. c3 Be7 6. Bxc6 {C65: Ruy Lopez: Berlin Defence (3...Nf6), unusual lines and 4 0-0 Bc5.} bxc6 7. Nxe5 Bb7 $2 {[#]} (7... O-O $16) 8. Qb3 $1 $18 {[%csl Ge5][%cal Rb3f7][%mdl 64] Double Attack. White has a decisive advantage.} d5 $2 (8... Qc8 9. Qxf7+ {[%mdl 64] Double Attack} Kd8) 9. Qxb7 O-O 10. Nxc6 Qd6 11. Nxe7+ Qxe7 12. Be3 Rab8 13. Qxa7 dxe4 14. dxe4 Nxe4 15. O-O Rxb2 16. Qa3 Qxa3 17. Nxa3 Ra8 (17... Nxc3 {keeps fighting.} 18. Rfe1 Ra8) 18. Nc4 Rc2 19. Rfc1 Rcxa2 20. Rxa2 Rxa2 21. f3 Nf6 22. Bg5 Nd5 23. Rd1 c6 24. Ne3 h6 25. Nxd5 cxd5 {[%mdl 4096] Endgame KRB-KR} 26. Be7 Ra5 27. Bb4 Rb5 28. Kf2 f6 29. Ke3 Kf7 30. Kd4 Kg6 31. Ra1 Rb7 32. Kxd5 Rd7+ 33. Bd6 Rb7 34. Ra2 Rb1 35. c4 Rd1+ 36. Ke6 {White mates.} Re1+ 37. Kd7 Rc1 38. c5 Rc4 39. c6 Kf5 40. c7 g5 41. c8=Q Rxc8 42. Kxc8 h5 43. Kd7 g4 44. Ke7 gxf3 45. gxf3 Kg5 46. Kf7 f5 {[#]} 47. h4+ $1 {[%mdl 64] Deflection} Kxh4 48. Bf4 {Black got outplayed after the opening. Av CentiPawn Loss W=-45/B=-125. Weighted=-60/-150} 1-0

[Event "XIV Figueira da Foz Open 2020"]
[Site "Figueira da Foz"]
[Date "2020.10.28"]
[Round "6.18"]
[White "Marcal, Armando Paulo Gomes"]
[Black "Dias, Jose Oliveira Gaspar"]
[Result "1-0"]
[WhiteElo "1652"]
[BlackElo "1589"]
[Annotator "NA RC"]
[PlyCount "117"]
[EventDate "2020.10.24"]
[EventType "swiss"]
[EventCountry "POR"]
[SourceTitle "playchess.com"]
[Source "ChessBase"]
[SourceQuality "1"]
[TimeControl "40/5400+30:1800+30"]

1. e4 {[%emt 0:03:32]} g6 {[%emt 0:00:00]} 2. Nf3 {[%emt 0:01:20]} Bg7 {[%emt 0:00:00]} 3. d4 {[%emt 0:00:07]} d6 {[%emt 0:00:05]} 4. c4 {[%emt 0:01:40]} Nf6 {[%emt 0:00:10]} 5. Nc3 {[%emt 0:00:07]} O-O {[%emt 0:00:05]} 6. Bd3 {[%emt 0:00:33]} Nbd7 {[%emt 0:02:22]} 7. O-O {[%emt 0:00:36]} h6 {[%emt 0:01:52]} 8. Bd2 {[%emt 0:05:28]} e5 {[%emt 0:01:28]} 9. d5 {[%emt 0:00:51]} a6 {[%emt 0:02:24]} 10. Ne1 {[%emt 0:06:58]} Rb8 {[%emt 0:01:06]} 11. f3 {[%emt 0:03:36]} Nc5 {[%emt 0:02:08]} 12. Bc2 {[%emt 0:00:13]} b5 {[%emt 0:01:01]} 13. b4 {[%emt 0:00:40]} Ncd7 {[%emt 0:00:33]} 14. cxb5 {[%emt 0:00:36]} axb5 {[%emt 0:00:11]} 15. Be3 {[%emt 0:01:05]} Nb6 {[%emt 0:02:06]} 16. Bd3 {[%emt 0:00:38]} Nc4 {[%emt 0:00:29]} 17. Bc1 {[%emt 0:01:36]} Bd7 {[%emt 0:01:11]} 18. Qe2 {[%emt 0:00:51]} c6 {[%emt 0:00:52]} 19. dxc6 {[%emt 0:05:00]} Bxc6 {[%emt 0:01:44]} 20. a4 {[%emt 0:03:00]} d5 {[%emt 0:02:09]} 21. axb5 {[%emt 0:03:59]} Qb6+ {[%emt 0:04:50]} 22. Kh1 {[%emt 0:01:19]} Bxb5 {[%emt 0:00:24]} 23. Nxb5 {[%emt 0:05:48]} Qxb5 {[%emt 0:00:13]} 24. exd5 {[%emt 0:02:20]} Rfc8 {[%emt 0:00:58]} 25. Nc2 {[%emt 0:08:34]} Nxd5 {[%emt 0:02:13]} 26. Ra5 {[%emt 0:00:49]} Qd7 {[%emt 0:03:55]} 27. Bxc4 {[%emt 0:01:04]} Nb6 {[%emt 0:09:16]} 28. Bb3 {[%emt 0:02:53]} Rc3 {[%emt 0:00:30]} 29. Na1 {[%emt 0:04:07]} Rbc8 {[%emt 0:00:39]} 30. Rc5 {[%emt 0:00:36]} R3xc5 {[%emt 0:03:56]} 31. bxc5 {[%emt 0:00:36]} Rxc5 {[%emt 0:00:05]} 32. Be3 {[%emt 0:01:09]} Qb5 {[%emt 0:02:39]} 33. Qf2 {[%emt 0:03:02]} Rc6 {[%emt 0:00:57]} 34. Kg1 {[%emt 0:01:59]} Nd5 {[%emt 0:03:05]} 35. Qa2 {[%emt 0:02:46]} Nxe3 {[%emt 0:05:58]} 36. Bxf7+ {[%emt 0:02:35]} Kh7 {[%emt 0:00:08]} 37. Rb1 {[%emt 0:00:54]} Qc5 {[%emt 0:04:38]} 38. Nb3 {[%emt 0:01:20]} Qe7 {[%emt 0:00:55]} 39. Bg8+ {[%emt 0:00:00]} Kxg8 {[%emt 0:00:00]} 40. Qa8+ {[%emt 0:00:00]} Kh7 {[%emt 0:00:00]} 41. Qxc6 {[%emt 0:05:15]} Qg5 {[%emt 0:02:42]} 42. Rb2 {[%emt 0:04:11]} h5 {[%emt 0:01:32]} 43. Qe4 {[%emt 0:03:04]} h4 {[%emt 0:01:06]} 44. h3 {[%emt 0:00:43]} Bf6 {[%emt 0:04:45]} 45. Nc5 {[%emt 0:00:55]} Nf5 {[%emt 0:01:03]} 46. Rb7+ {[%emt 0:03:44]} Kh6 {[%emt 0:00:40]} 47. Nd3 {[%emt 0:03:03]} Nd6 {[%emt 0:01:24]} 48. Nf2 {[%emt 0:03:17]} Nxe4 {[%emt 0:02:54]} 49. Ng4+ {[%emt 0:01:31]} Kh5 {[%emt 0:01:24]} 50. Rh7+ {[%emt 0:00:42]} Qh6 51. Rxh6+ Kg5 {[%emt 0:04:26]} 52. fxe4 {[%emt 0:00:56]} Bd8 {[%emt 0:01:08]} 53. Rh8 {[%emt 0:01:08]} Bb6+ {[%emt 0:00:15]} 54. Kf1 {[%emt 0:01:09]} Bd4 {[%emt 0:00:17]} 55. Ke2 {[%emt 0:00:18]} Kf4 {[%emt 0:00:26]} 56. Ne3 {[%emt 0:02:43]} Bxe3 {[%emt 0:00:22]} 57. Rxh4+ {[%emt 0:00:21]} Kg5 {[%emt 0:00:49]} 58. Rg4+ {[%emt 0:00:11]} Kh5 {[%emt 0:00:26]} 59. Kxe3 1-0

[Event "XIV Figueira da Foz Open 2020"]
[Site "Figueira da Foz"]
[Date "2020.10.29"]
[Round "7.1"]
[White "Cumming, Rhys"]
[Black "Grigoryan, Karen H."]
[Result "0-1"]
[WhiteElo "2299"]
[BlackElo "2658"]
[Annotator "TA"]
[PlyCount "75"]
[EventDate "2020.10.24"]
[EventType "swiss"]
[EventCountry "POR"]
[SourceTitle "playchess.com"]
[Source "ChessBase"]
[SourceQuality "1"]

{[%evp 22,75,17,0,0,0,12,4,22,-9,-12,-17,0,-62,0,-43,0,0,0,0,61,87,79,-23,-26,-6,-38,-37,-39,-26,-8,-83,-80,-86,-81,-78,-83,-88,-87,-89,2,-106,0,-205,-197,-204,-228,-2289,-164,-221,-205,-215,0,-485,-466,-29999]} 1. d4 Nf6 2. c4 g6 3. g3 Bg7 4. Bg2 O-O 5. Nf3 d6 6. O-O Nbd7 7. Nc3 e5 8. b3 Re8 9. Bb2 c6 10. e4 exd4 11. Nxd4 Nc5 12. Re1 Ng4 {E68: King's Indian: Fianchetto: 6...Nbd7 7 0-0 e5 8 e4.} 13. h3 Ne5 14. Re3 Qb6 {The position is equal.} 15. Qd2 a5 {[%cal Ba7a5,Ba5a4][%mdl 32]} 16. Nce2 a4 {[#]} 17. f4 $146 (17. Rc1 $11) ({Predecessor:} 17. Bc3 axb3 18. axb3 Nxb3 19. Nxb3 Nxc4 20. Qc1 Rxa1 21. Qxa1 Bh6 22. Nbd4 Nxe3 23. fxe3 Bxe3+ {1-0 (69) Summerscale,A (2455)-Phillips,A Hastings 1995}) 17... Ned7 (17... Bxh3 $15 18. Bxh3 Nxe4) 18. Kh2 Nf6 {[%cal Rf6e4]} 19. e5 dxe5 20. fxe5 Nfd7 (20... Bh6 $11 21. Nf4 Nh5) 21. b4 $14 a3 {[#]} 22. Bxa3 ({Of course not} 22. Rxa3 $6 Rxa3 23. Bxa3 Qa6 $15) (22. Bc3 $1 $16) 22... Ne6 $11 23. Nxe6 Rxe6 24. c5 Qc7 $1 25. Nf4 Nxe5 26. Nxe6 (26. Rd1 $11 Re8 27. Bb2) 26... Bxe6 $17 27. Rc1 Nc4 28. Rxc4 Bxc4 29. Bb2 Bxb2 30. Qxb2 Bd5 (30... Bxa2 $17 31. Qa1 Qd8) 31. b5 (31. Bxd5 $11 {remains equal.} cxd5 32. a3) 31... Be6 ({Black should try} 31... Bxg2 $17 32. b6 Qd7 33. Qxg2 Qf5) 32. Qf6 $2 (32. bxc6 $11 bxc6 33. a3) 32... cxb5 $19 33. h4 Qxc5 34. h5 $2 (34. Re5 Qc8 35. h5) 34... Qf8 $2 (34... Qxe3 35. Qf3 Qxf3 36. Bxf3 gxh5) 35. Re5 (35. a3 $142) 35... Rxa2 {Strongly threatening ...Qd6.} 36. Rxb5 Qh6 $2 (36... Bc4 $19 37. Rb6 Bd5) 37. Re5 $2 {[%mdl 8192] [#]} (37. Qd8+ $11 {and White has nothing to worry.} Qf8 38. Qxf8+ Kxf8 39. hxg6) 37... Qd2 $1 {[%csl Ga2][%cal Rd2g2]} 38. h6 {Av CentiPawn Loss W=-121/B=-62. Weighted=-195/-96} (38. Qf3 $19 Qb2 39. Re1) 0-1

[Event "XIV Figueira da Foz Open 2020"]
[Site "Figueira da Foz"]
[Date "2020.10.29"]
[Round "7.2"]
[White "Batsiashvili, Nino"]
[Black "Taboas Rodriguez, Daniel"]
[Result "1-0"]
[WhiteElo "2467"]
[BlackElo "2365"]
[Annotator "TA"]
[PlyCount "55"]
[EventDate "2020.10.24"]
[EventType "swiss"]
[EventCountry "POR"]
[SourceTitle "playchess.com"]
[Source "ChessBase"]
[SourceQuality "1"]

{[%evp 10,55,40,25,42,41,53,56,54,55,61,46,50,60,60,45,53,58,81,44,50,56,45,17,93,72,91,80,69,82,262,212,623,429,452,465,439,458,637,657,626,649,613,585,1473,1472,1331,1261]} 1. d4 Nf6 2. c4 g6 3. Nc3 Bg7 4. e4 d6 5. h3 O-O 6. Be3 b6 {6...e6 is setting a new trend. E71: King's Indian: 4 e4 d6 5 h3.} 7. Nf3 c5 8. d5 e6 {White is slightly better.} 9. Bd3 exd5 10. exd5 {[#]} Na6 $146 ({Predecessor:} 10... Nbd7 11. O-O Ne5 12. Nxe5 dxe5 13. a3 Nh5 14. Be2 Qh4 15. Bxh5 gxh5 16. Qe2 f5 {1-0 (46) Dzindzichashvili,R (2555)-Catteau,L St Martin 1991}) 11. O-O Nc7 12. Bg5 h6 13. Bh4 Bb7 14. a4 Na6 15. Qd2 Nb4 16. Bb1 g5 (16... Re8 $11) 17. Nxg5 $16 hxg5 18. Bxg5 Re8 19. Ra3 {[%mdl 1024] White has compensation.} Qe7 $2 {[#] This move loses the game for Black.} (19... Re5 $16) 20. Nb5 a6 $2 (20... Qe2) 21. Re3 {White is clearly winning.} Qf8 22. Nc7 Rxe3 23. fxe3 Rc8 24. Bxf6 Bxf6 25. Rxf6 {[#] Ne6! is the strong threat.} Rxc7 26. Qf2 Bc8 27. Qh4 {[%csl Gb1][%cal Rh4h7]} Qg7 28. Rf3 {Av CentiPawn Loss W=-17/B=-72. Weighted=-17/-67} 1-0